[Event "Hamburg-ch"]
[Site "Hamburg"]
[Date "2016.05.15"]
[Round "2"]
[White "Buchholz, Robert"]
[Black "Schroeder, Christoph"]
[Result "1/2-1/2"]
[WhiteElo "2002"]
[BlackElo "2217"]
[PlyCount "38"]
[EventDate "2016.05.14"]
[EventType "swiss"]
[EventRounds "9"]
[EventCountry "GER"]
[SourceTitle "EXT 2018"]
[Source "ChessBase"]
[SourceDate "2017.10.13"]
[SourceVersion "1"]
[SourceVersionDate "2017.10.13"]
[SourceQuality "1"]

1. d4 d5 2. c4 e6 3. Nc3 c6 4. Nf3 dxc4 5. a4 Bb4 6. Qc2 Nf6 7. e3 b5 8. Be2 Bb7 9. 0-0 a6 10. b3 cxb3 11. Qxb3 Qe7 12. Ne5 0-0 13. Nd3 Bxc3 14. Qxc3 Ne4 15. Qc2 c5 16. axb5 axb5 17. Rxa8 Bxa8 18. Nxc5 Nxc5 19. Qxc5 Qxc5 1/2-1/2

[Event "Hamburg-chT Landesliga 1516"]
[Site "Hamburg"]
[Date "2016.04.24"]
[Round "9.8"]
[White "Buchholz, Robert"]
[Black "Jarnuczak, Detlev"]
[Result "1/2-1/2"]
[WhiteElo "2000"]
[BlackElo "1998"]
[PlyCount "52"]
[EventDate "2015.09.20"]
[EventType "team-tourn"]
[EventRounds "9"]
[EventCountry "GER"]
[SourceTitle "EXT 2022"]
[Source "ChessBase"]
[SourceDate "2021.10.06"]
[SourceVersion "1"]
[SourceVersionDate "2021.10.06"]
[SourceQuality "1"]
[WhiteTeam "Hamburg Diogenes II"]
[BlackTeam "Eimsbuettel Union"]
[WhiteTeamCountry "GER"]
[BlackTeamCountry "GER"]

1. d4 d5 2. c4 e6 3. Nc3 Nf6 4. Bg5 Be7 5. Nf3 Nbd7 6. e3 0-0 7. Rc1 c6 8. Bd3 h6 9. Bh4 dxc4 10. Bxc4 Nd5 11. Bxe7 Qxe7 12. 0-0 Nxc3 13. Rxc3 e5 14. Nxe5 Nxe5 15. dxe5 Qxe5 16. f4 Qe7 17. f5 Qe5 18. Qc2 Kh7 19. g4 b5 20. Bb3 b4 21. Rxc6 Bb7 22. f6+ g6 23. Rc7 Qxe3+ 24. Rf2 Qe1+ 25. Rf1 Qe3+ 26. Rf2 Qe1+ 1/2-1/2

[Event "Hamburg St Pauli op-A"]
[Site "Hamburg"]
[Date "2015.07.22"]
[Round "6"]
[White "Buchholz, Robert"]
[Black "Raasch, Peter"]
[Result "1-0"]
[WhiteElo "1985"]
[BlackElo "1835"]
[PlyCount "103"]
[EventDate "2015.07.18"]
[EventType "swiss"]
[EventRounds "9"]
[EventCountry "GER"]
[SourceTitle "EXT 2016"]
[Source "ChessBase"]
[SourceDate "2015.10.08"]
[SourceVersion "1"]
[SourceVersionDate "2015.10.08"]
[SourceQuality "1"]

1. d4 Nf6 2. c4 g6 3. Nc3 Bg7 4. e4 d6 5. h3 0-0 6. Bg5 Nbd7 7. Nf3 h6 8. Be3 c6 9. Qd2 Kh7 10. g4 Ng8 11. Bd3 c5 12. d5 Ne5 13. Nxe5 Bxe5 14. f4 Bd4 15. f5 e5 16. dxe6 Qh4+ 17. Kd1 fxe6 18. fxg6+ Kg7 19. e5 Qg3 20. Bxd4 cxd4 21. Ne4 Qxe5 22. Kc2 Bd7 23. Rae1 Rf3 24. g5 hxg5 25. Nxg5 Re3 26. Nf7 Qc5 27. b4 Ba4+ 28. Kb2 Qc6 29. Rxe3 dxe3 30. Qc3+ Nf6 31. Rf1 Qg2+ 32. Ka3 e5 33. Qe1 e4 34. Qxe3 Qxg6 35. Rg1 Qxg1 36. Qxg1+ Kxf7 37. Bxe4 Nxe4 38. Kxa4 a6 39. Qd4 Re8 40. Qd5+ Kf6 41. Qxb7 Nc3+ 42. Ka5 Re5+ 43. Kxa6 Nxa2 44. Qf3+ Ke7 45. Qb3 Re2 46. b5 Nc1 47. Qf3 Ra2+ 48. Kb7 Ne2 49. Qe3+ Kd7 50. b6 Rc2 51. Qd3 Ra2 52. c5 1-0

[Event "Hamburg St Pauli op"]
[Site "Hamburg"]
[Date "2012.07.07"]
[Round "1"]
[White "Buchholz, Robert"]
[Black "Wendt, Jan Dietrich"]
[Result "0-1"]
[WhiteElo "2016"]
[BlackElo "2367"]
[PlyCount "70"]
[EventDate "2012.07.07"]
[EventType "swiss"]
[EventRounds "9"]
[EventCountry "GER"]
[SourceTitle "EXT 2013"]
[Source "ChessBase"]
[SourceDate "2012.11.22"]
[SourceVersion "1"]
[SourceVersionDate "2012.11.22"]
[SourceQuality "1"]

1. d4 Nf6 2. c4 c5 3. d5 b5 4. cxb5 a6 5. bxa6 g6 6. Nc3 Bxa6 7. Nf3 Bg7 8. g3 d6 9. Bg2 Nbd7 10. h3 0-0 11. 0-0 Nb6 12. Re1 Nfd7 13. Qc2 Nc4 14. e4 Qa5 15. Bd2 Rfb8 16. Rab1 Ra7 17. Bf1 Nde5 18. Nxe5 Nxe5 19. Kg2 Bxf1+ 20. Rxf1 Nc4 21. e5 Bxe5 22. Qd3 Nxd2 23. Qxd2 Rab7 24. Qc2 Qa8 25. b3 Bxc3 26. Qxc3 Qxa2 27. Rb2 Rxb3 28. Rxa2 Rxc3 29. Re1 Rb7 30. Rd2 Kg7 31. g4 g5 32. Re4 Kf8 33. Ra4 Rb4 34. Ra8+ Kg7 35. Ra7 Re4 0-1

[Event "Hamburg St Pauli op-A"]
[Site "Hamburg"]
[Date "2011.07.13"]
[Round "6"]
[White "Buchholz, Robert"]
[Black "Hinrichs, Jan"]
[Result "0-1"]
[WhiteElo "2048"]
[BlackElo "1947"]
[PlyCount "84"]
[EventDate "2011.07.09"]
[EventType "swiss"]
[EventRounds "9"]
[EventCountry "GER"]
[SourceTitle "CBM 143 Extra"]
[Source "ChessBase"]
[SourceDate "2011.08.29"]
[SourceVersion "1"]
[SourceVersionDate "2011.08.29"]
[SourceQuality "1"]

1. d4 d5 2. c4 e5 3. e3 exd4 4. exd4 Nf6 5. Nf3 c6 6. Nc3 Be6 7. c5 Nbd7 8. h3 b6 9. cxb6 axb6 10. Bd3 Bd6 11. Ng5 0-0 12. f4 Re8 13. 0-0 Nf8 14. Nf3 c5 15. Nb5 Bb8 16. Bd2 Ne4 17. Be3 Ng3 18. Re1 c4 19. Bc2 Nf5 20. Bd2 f6 21. Kf2 Qd7 22. Nc3 Nd6 23. g4 b5 24. a3 Ba7 25. f5 Bf7 26. Bf4 Rxe1 27. Qxe1 Re8 28. Qd1 Ne4+ 29. Kg2 g6 30. fxg6 Bxg6 31. a4 Ne6 32. Bh2 b4 33. Nb5 Bb8 34. Bxe4 Bxe4 35. Qd2 Ng5 36. Rf1 Bxh2 37. Qxb4 Bxf3+ 38. Kxh2 Qe6 39. Rf2 Qe3 40. Qd2 Qxd2 41. Rxd2 Re1 42. Kg3 Ne4+ 0-1

[Event "Hamburg St Pauli op-A"]
[Site "Hamburg"]
[Date "2011.07.11"]
[Round "4"]
[White "Buchholz, Robert"]
[Black "Zart, Ruediger"]
[Result "0-1"]
[WhiteElo "2048"]
[BlackElo "2179"]
[PlyCount "78"]
[EventDate "2011.07.09"]
[EventType "swiss"]
[EventRounds "9"]
[EventCountry "GER"]
[SourceTitle "CBM 143 Extra"]
[Source "ChessBase"]
[SourceDate "2011.08.29"]
[SourceVersion "1"]
[SourceVersionDate "2011.08.29"]
[SourceQuality "1"]

1. d4 d5 2. c4 c6 3. Nc3 Nf6 4. Nf3 e6 5. Bg5 h6 6. Bxf6 Qxf6 7. e3 Nd7 8. a3 g6 9. b4 Bg7 10. Rc1 0-0 11. b5 dxc4 12. Bxc4 cxb5 13. Bxb5 a6 14. Be2 b5 15. Ne4 Qe7 16. Nc5 Nxc5 17. Rxc5 Bb7 18. 0-0 Rfc8 19. Qc2 Rxc5 20. dxc5 Rc8 21. Rc1 Bf8 22. a4 b4 23. Nd4 Rxc5 24. Qxc5 Qxc5 25. Rxc5 Bxc5 26. Nb3 Bb6 27. a5 Ba7 28. Bc4 Kf8 29. Kf1 Ke7 30. g3 Kd6 31. Ke2 f5 32. Kd3 g5 33. f4 Be4+ 34. Ke2 Bd5 35. Kd3 Bxc4+ 36. Kxc4 Bxe3 37. fxg5 hxg5 38. Kxb4 Kd5 39. Kc3 g4 0-1

[Event "GER-chT Betriebe"]
[Site "Berlin"]
[Date "2006.10.06"]
[Round "4.2"]
[White "Buchholz, Robert"]
[Black "Urban, Ralf Dieter"]
[Result "1-0"]
[WhiteElo "1983"]
[BlackElo "1962"]
[PlyCount "79"]
[EventDate "2006.10.05"]
[EventType "team-tourn"]
[EventRounds "7"]
[EventCountry "GER"]
[SourceTitle "EXT 2020"]
[Source "ChessBase"]
[SourceDate "2019.10.17"]
[SourceVersion "1"]
[SourceVersionDate "2019.10.17"]
[SourceQuality "1"]
[WhiteTeam "Hamburg Baubehoerde II"]
[BlackTeam "Hamburg Transit"]
[WhiteTeamCountry "GER"]
[BlackTeamCountry "GER"]

1. d4 d5 2. c4 e5 3. dxe5 d4 4. Nf3 Nc6 5. g3 Be6 6. Nbd2 Qd7 7. a3 g5 8. Nxg5 Nxe5 9. Nxe6 Qxe6 10. Qa4+ c6 11. Qb3 0-0-0 12. Bg2 d3 13. e3 Nf6 14. Qa4 Bc5 15. b4 Bd4 16. Rb1 Kb8 17. b5 c5 18. Qb3 Neg4 19. 0-0 Bxe3 20. fxe3 Qxe3+ 21. Kh1 Nf2+ 22. Rxf2 Qxf2 23. Qd1 Qe2 24. Bb2 Ng4 25. Qxe2 dxe2 26. Bxh8 Rxd2 27. Bf3 Nxh2 28. Bh5 f5 29. Be5+ Kc8 30. Re1 Ng4 31. Bxg4 fxg4 32. Kg2 Rc2 33. Kf2 Rxc4 34. Rxe2 Ra4 35. Re3 b6 36. Bf4 c4 37. Rc3 Kd7 38. Ke3 Ra5 39. Rxc4 Rxa3+ 40. Ke4 1-0

[Event "GER-chT Betriebe"]
[Site "Berlin"]
[Date "2006.10.06"]
[Round "3.2"]
[White "Schnitzer, Peter"]
[Black "Buchholz, Robert"]
[Result "1-0"]
[WhiteElo "2196"]
[BlackElo "1983"]
[PlyCount "45"]
[EventDate "2006.10.05"]
[EventType "team-tourn"]
[EventRounds "7"]
[EventCountry "GER"]
[SourceTitle "EXT 2007"]
[Source "ChessBase"]
[SourceDate "2006.11.23"]
[SourceVersion "1"]
[SourceVersionDate "2006.11.23"]
[SourceQuality "1"]
[WhiteTeam "Schering SG"]
[BlackTeam "Hamburg Baubehoerde II"]
[WhiteTeamCountry "GER"]
[BlackTeamCountry "GER"]

1. e4 d5 2. exd5 Nf6 3. d4 Nxd5 4. Nf3 Bg4 5. Be2 e6 6. 0-0 Nc6 7. h3 Bh5 8. Re1 Be7 9. Nbd2 Nf4 10. Bb5 0-0 11. Bxc6 bxc6 12. Ne4 Nd5 13. c3 h6 14. Qd3 Nf6 15. Ne5 c5 16. Nc6 Qd7 17. Nxe7+ Qxe7 18. Nxc5 Bg6 19. Qg3 Rfd8 20. Bf4 Rac8 21. Nxe6 Re8 22. Bd2 Ne4 23. Rxe4 1-0

[Event "GER-chT Betriebe"]
[Site "Berlin"]
[Date "2006.10.05"]
[Round "2.2"]
[White "Buchholz, Robert"]
[Black "Schulz, Michael"]
[Result "1/2-1/2"]
[WhiteElo "1983"]
[BlackElo "2247"]
[PlyCount "101"]
[EventDate "2006.10.05"]
[EventType "team-tourn"]
[EventRounds "7"]
[EventCountry "GER"]
[SourceTitle "EXT 2007"]
[Source "ChessBase"]
[SourceDate "2006.11.23"]
[SourceVersion "1"]
[SourceVersionDate "2006.11.23"]
[SourceQuality "1"]
[WhiteTeam "Hamburg Baubehoerde II"]
[BlackTeam "Augsburg Osram"]
[WhiteTeamCountry "GER"]
[BlackTeamCountry "GER"]

1. d4 Nf6 2. c4 c5 3. d5 e6 4. Nc3 exd5 5. cxd5 d6 6. e4 g6 7. f4 Qe7 8. Bd3 a6 9. a4 Bg7 10. Nf3 Bg4 11. 0-0 Nbd7 12. Qe1 Bxf3 13. Rxf3 Ng4 14. Qg3 h5 15. Bd2 Bf6 16. Raf1 0-0-0 17. Qe1 Kb8 18. h3 Bd4+ 19. Kh1 Ka8 20. Qe2 Nb8 21. Nd1 Rde8 22. Bc3 f5 23. Bxd4 cxd4 24. Re1 fxe4 25. Bxe4 Qh4 26. Rd3 Nd7 27. Qf1 Nc5 28. g3 Qf6 29. hxg4 hxg4+ 30. Kg2 Rxe4 31. Rxe4 Nxe4 32. Nf2 Nc5 33. Rd2 Nb3 34. Rd3 Qf5 35. Qd1 Qxd5+ 36. Kg1 Nc5 37. Rxd4 Qa2 38. Rxd6 Qxb2 39. Rd8+ Rxd8 40. Qxd8+ Ka7 41. a5 Ne6 42. Qd5 Qb1+ 43. Kg2 Qf5 44. Qd6 Ka8 45. Kf1 Qb5+ 46. Kg2 Qe2 47. Qe5 Qf3+ 48. Kf1 Nd8 49. Qe8 Qd5 50. Nxg4 Qxa5 51. Ne5 1/2-1/2

[Event "Hamburg Junge op"]
[Site "Hamburg"]
[Date "2005.10.02"]
[Round "2"]
[White "Buchholz, Robert"]
[Black "Seidel, Michael"]
[Result "1-0"]
[WhiteElo "2016"]
[BlackElo "1650"]
[PlyCount "43"]
[EventDate "2005.10.01"]
[EventType "swiss"]
[EventRounds "9"]
[EventCountry "GER"]
[SourceTitle "CBM 108 Extra"]
[Source "ChessBase"]
[SourceDate "2005.11.04"]
[SourceVersion "1"]
[SourceVersionDate "2005.11.04"]
[SourceQuality "1"]

1. d4 Nf6 2. c4 g6 3. Nc3 d5 4. Nf3 Bg7 5. Bf4 0-0 6. e3 c5 7. dxc5 Qa5 8. Nd2 dxc4 9. Bxc4 Qxc5 10. 0-0 Nc6 11. h3 Rd8 12. Be2 Nd5 13. Nb3 Nxc3 14. Nxc5 Nxd1 15. Raxd1 Rxd1 16. Rxd1 Bxb2 17. Nxb7 Bg7 18. Nd8 Na5 19. Bf3 e5 20. Bxe5 Bxe5 21. Bxa8 Ba6 22. Rd5 1-0

[Event "Hamburg Junge op"]
[Site "Hamburg"]
[Date "2005.10.01"]
[Round "1"]
[White "Reddmann, Hauke"]
[Black "Buchholz, Robert"]
[Result "1-0"]
[WhiteElo "2319"]
[BlackElo "2016"]
[PlyCount "45"]
[EventDate "2005.10.01"]
[EventType "swiss"]
[EventRounds "9"]
[EventCountry "GER"]
[SourceTitle "CBM 108 Extra"]
[Source "ChessBase"]
[SourceDate "2005.11.04"]
[SourceVersion "1"]
[SourceVersionDate "2005.11.04"]
[SourceQuality "1"]

1. d4 Nf6 2. Bg5 d5 3. Bxf6 exf6 4. e3 Bd6 5. c4 0-0 6. Nc3 dxc4 7. Bxc4 c6 8. Nge2 Qa5 9. Ng3 b5 10. Bb3 f5 11. 0-0 b4 12. Na4 Nd7 13. Qf3 Bxg3 14. hxg3 Nb6 15. Nxb6 Qxb6 16. Rfc1 Bb7 17. Qxf5 Rac8 18. Rc5 Rc7 19. Rac1 g6 20. Qf6 Rfc8 21. d5 h6 22. d6 Rd7 23. Qxg6+ 1-0